000
00201 a2200109 4500
020
_a
30008626
041
_a
eng
100
_a
Klein, Naomi
245
_a
The Shock Doctrine
942
_c
BK
952
_7
4
999
_c
19345
_d
19345